Statistics for Battlefields of Britain (with map)

Click here to take the quiz!

General Stats

  • This quiz has been taken 49 times
  • The average score is 9 of 30

Answers on the Map

Answers color-coded by a green-red scale on the quiz's map according to % correct below.
Loading ...
 

Answer Stats

Answer % Correct
Hastings (1066)
82%
Bannockburn (1314)
49%
St. Albans (1455)
47%
Siege of Derry (1689)
47%
Preston (1648)
44%
Culloden (1746)
42%
Lewes (1264)
38%
Glencoe (1692)
38%
Stamford Bridge (1066)
36%
Fishguard (1797)
33%
Northallerton (1138)
29%
Shrewsbury (1403)
29%
Largs (1263)
27%
Tewkesbury (1471)
27%
Otterburn (1388)
24%
Bosworth Field (1485)
24%
Camulodunum (60)
24%
Worcester (1651)
24%
Sedgemoor (1685)
24%
Prestonpans (1745)
22%
Flodden (1513)
22%
Torrington (1646)
22%
Newtownbutler (1689)
20%
Maldon (991)
20%
St. Fagans (1648)
18%
Kett's Rebellion (1549)
18%
Marston Moor (1644)
16%
Naseby (1645)
13%
Edgehill (1642)
9%
Cheriton (1644)
9%

Score Distribution

Percentile by Number Answered

Percent of People with Each Score

Your Score History

You have not taken this quiz